书目信息 |
| 题名: |
汽车驾驶员安全行车禁忌防
|
|
| 作者: | 徐元强 , 张从文 , 曲晓峰 主编 | |
| 分册: | ||
| 出版信息: | 北京 电子工业出版社 2005 |
|
| 页数: | 10,188页 | |
| 开本: | 24cm | |
| 丛书名: | ||
| 单 册: | ||
| 中图分类: | U471.1 | |
| 科图分类: | ||
| 主题词: | 汽车 , 驾驶员 , 汽车--驾驶员--行车安全--基本知识 , 行车安全 | |
| 电子资源: | ||
| ISBN: | 7-121-01426-2 | |
| 000 | 01005nam0 2200277 450 | |
| 001 | 002969613 | |
| 005 | 20061107085648.53 | |
| 010 | @a7-121-01426-2@dCNY19.00 | |
| 100 | @a20050521d2005 em y0chiy0110 ea | |
| 101 | 0 | @achi |
| 102 | @aCN@b110000 | |
| 105 | @aa z 000yy | |
| 200 | 1 | @a汽车驾驶员安全行车禁忌防@9qi che jia shi yuan an quan xing che jin ji fang@f徐元强,张从文,曲晓峰主编 |
| 210 | @a北京@c电子工业出版社@d2005 | |
| 215 | @a10,188页@c图@d24cm | |
| 330 | @a本书分牢记安全行车的“禁”、不忘安全行车的“忌”、熟悉安全行车的“防”三部分。分别介绍了汽车驾驶员行车中,哪些驾驶行为是严禁的,哪些驾驶行为是应该避免的,应该掌握哪些预防交通事故的具体措施和方法等。 | |
| 606 | 0 | @a汽车 |
| 606 | 0 | @a驾驶员 |
| 606 | 0 | @a汽车@x驾驶员@x行车安全@x基本知识 |
| 606 | 0 | @a行车安全 |
| 690 | @aU471.1@v4 | |
| 701 | 0 | @a徐元强@9xu yuan qiang@4主编 |
| 701 | 0 | @a张从文@9zhang cong wen@4主编 |
| 701 | 0 | @a曲晓峰@9qu xiao feng@4主编 |
| 801 | 0 | @aCN@bNLC@c20061107 |
| 905 | @a10447@dU471.1@e136 | |
| 汽车驾驶员安全行车禁忌防/徐元强,张从文,曲晓峰主编.-北京:电子工业出版社,2005 |
| 10,188页:图;24cm |
| ISBN 7-121-01426-2:CNY19.00 |
| 本书分牢记安全行车的“禁”、不忘安全行车的“忌”、熟悉安全行车的“防”三部分。分别介绍了汽车驾驶员行车中,哪些驾驶行为是严禁的,哪些驾驶行为是应该避免的,应该掌握哪些预防交通事故的具体措施和方法等。 |
| ● |
| 相关链接 |
|
|
|
|
正题名:汽车驾驶员安全行车禁忌防
索取号:U471.1/136
 
预约/预借
| 序号 | 登录号 | 条形码 | 馆藏地/架位号 | 状态 | 备注 |
| 1 | 0381595 | 203815951 | 第二样本阅览室/ [索取号:U471.1/136] | 在馆 | |
| 2 | 0381596 | 203815960 | 第三借阅区/ [索取号:U471.1/136] | 在馆 | |
| 3 | 0381597 | 203815979 | 第三借阅区/ [索取号:U471.1/136] | 在馆 | |
| 4 | 0381598 | 203815988 | 第三借阅区/ [索取号:U471.1/136] | 在馆 | |
| 5 | 0381599 | 203815997 | 第三借阅区/ [索取号:U471.1/136] | 在馆 | |
| 6 | 0381600 | 203816004 | 第三借阅区/ [索取号:U471.1/136] | 在馆 |